Higher education in the digital age / (Record no. 18313)
[ view plain ]
| 000 -LEADER | |
|---|---|
| fixed length control field | 01076cam a2200277 i 4500 |
| 001 - CONTROL NUMBER | |
| control field | 17678682 |
| 005 - DATE AND TIME OF LATEST TRANSACTION | |
| control field | 20140625105805.0 |
| 006 - FIXED-LENGTH DATA ELEMENTS--ADDITIONAL MATERIAL CHARACTERISTICS--GENERAL INFORMATION | |
| fixed length control field | a|||||r|||| 00| 0 |
| 008 - FIXED-LENGTH DATA ELEMENTS--GENERAL INFORMATION | |
| fixed length control field | 130329t2013 xxudo fr 001 0 eng |
| 010 ## - LIBRARY OF CONGRESS CONTROL NUMBER | |
| LC control number | 2013001913 |
| 020 ## - INTERNATIONAL STANDARD BOOK NUMBER | |
| International Standard Book Number | 9780691159300 (hardcover : alk. paper) |
| 040 ## - CATALOGING SOURCE | |
| Original cataloging agency | DLC |
| Language of cataloging | eng |
| Transcribing agency | DLC |
| Description conventions | rda |
| Modifying agency | DLC |
| -- | EG-ScBUE |
| 082 04 - DEWEY DECIMAL CLASSIFICATION NUMBER | |
| Classification number | 378.17344678 |
| Edition number | 22 |
| Item number | BOW |
| 100 1# - MAIN ENTRY--PERSONAL NAME | |
| Personal name | Bowen, William G. |
| 9 (RLIN) | 36003 |
| 245 10 - TITLE STATEMENT | |
| Title | Higher education in the digital age / |
| Statement of responsibility, etc | William G. Bowen ; incollaboration with Kelly A. Lack. |
| 260 ## - PUBLICATION, DISTRIBUTION, ETC. (IMPRINT) | |
| Place of publication, distribution, etc | Princeton, United States ; |
| -- | Oxford, United Kingdom : |
| Name of publisher, distributor, etc | Princeton University Press, |
| Date of publication, distribution, etc | c.2013 |
| Manufacturer | (Acid-Free Paper) |
| 300 ## - PHYSICAL DESCRIPTION | |
| Extent | xvii, 172 p. : |
| Other physical details | chart, photographs ; |
| Dimensions | 23 cm. |
| 500 ## - GENERAL NOTE | |
| General note | Index : p. 163-172. |
| 650 #0 - SUBJECT ADDED ENTRY--TOPICAL TERM | |
| Topical term or geographic name as entry element | Education, Higher |
| General subdivision | Computer network resources |
| 9 (RLIN) | 36004 |
| 650 #0 - SUBJECT ADDED ENTRY--TOPICAL TERM | |
| Topical term or geographic name as entry element | Education, Higher |
| General subdivision | Effect of technological innovations on |
| 9 (RLIN) | 7246 |
| 650 #0 - SUBJECT ADDED ENTRY--TOPICAL TERM | |
| Topical term or geographic name as entry element | Internet in higher education |
| 9 (RLIN) | 7248 |
| 653 ## - INDEX TERM--UNCONTROLLED | |
| Resource For college | |
| Arrived date list | June2014 |
| 655 ## - INDEX TERM--GENRE/FORM | |
| Form subdivision | |
| -- | 34232 |
| 700 1# - ADDED ENTRY--PERSONAL NAME | |
| Personal name | Lack, Kelly A. |
| 9 (RLIN) | 36005 |
| 942 ## - ADDED ENTRY ELEMENTS (KOHA) | |
| Source of classification or shelving scheme | Dewey Decimal Classification |
| Call number prefix | 378.17344678 BOW |
| Withdrawn status | Item status | Source of classification or shelving scheme | Damaged status | Not for loan | Vendor | Home library | Current library | Shelving location | Date acquired | Source of acquisition | Cost, normal purchase price | Serial Enumeration / chronology | Total Checkouts | Full call number | Barcode | Date last seen | Cost, replacement price | Koha item type |
|---|---|---|---|---|---|---|---|---|---|---|---|---|---|---|---|---|---|---|
| Dewey Decimal Classification | Baccah | Central Library | Central Library | First floor | 22/06/2014 | Purchase | 220.00 | 19900 | 378.17344678 BOW | 000036008 | 15/07/2025 | 275.00 | Book - Borrowing |